Ríos de Navarra (Click map) - Estadísticas

Estadísticas generales
  • Esta prueba ha sido intentada 11 veces
  • La puntuación promedio es 21 de 33
Respuestas en el mapa
Las respuestas están codificadas por una escala verde-roja en el mapa de la prueba según el % correcto abajo.
 
Estadísticas de respuestas
Respuesta % Correcto
Río Aragón
100%
Río Arga
100%
Río Baztán
100%
Río Bidasoa
100%
Río Ebro
100%
Río Ega
100%
Río Erro
100%
Río Ezcurra
100%
Río Larraun
100%
Río Ugarama | Nivelle
100%
Río Ulzama
100%
Río Urumea
100%
Río Alhama
50%
Río Arakil | Río Burunda
50%
Río Areta
50%
Río Arkil
50%
Río Cidacos
50%
Río Elorz
50%
Río Elzarrain
50%
Río Eska
50%
Río Huecha
50%
Río Irati
50%
Río Leizarán
50%
Río Linares
50%
Río Onsella
50%
Río Salado
50%
Río Salazar
50%
Río Urederra
50%
Río Urrobi
50%
Río Anduña
0%
Río Irantzu
0%
Río Queiles
0%
Río Zatoia
0%
No se encontraron pruebas coincidentes
Distribución de puntuación
Porcentaje de gente con cada puntuación
Porcentaje por número respondido
Historial de tus puntuaciones
No has intentado esta prueba.